Microbiologie Générale. T.1.

Cet ouvrage rassemble les textes de la plupart des conférences théoriques de la première partie du cours de Microbiologie Générale de l' Institut Pasteur qui traite des bactéries et des bactériophages.

Guardado en:
Detalles Bibliográficos
Formato: Libro
Lenguaje:French
Publicado: Paris : McGraw- Hill, 1974.
Materias:
Etiquetas: Agregar Etiqueta
Sin Etiquetas, Sea el primero en etiquetar este registro!
Thư viện lưu trữ: Mạng thư viện Đại học Đà Nẵng
LEADER 01031cam a2200349 i 4500
001 000044266
003 2619
005 20030220152121.0
008 010219|1974 vm 000 fre
020 |a 2704200289 
022 |a T 
040 |a IRC  |c IRC  |d IRC 
041 0 |a fre 
082 1 4 |a 574  |b Mi-G 
245 0 0 |a Microbiologie Générale.  |n T.1. 
260 |a Paris :  |b McGraw- Hill,  |c 1974. 
300 |a 520p. ;  |c 24cm. 
520 3 |a Cet ouvrage rassemble les textes de la plupart des conférences théoriques de la première partie du cours de Microbiologie Générale de l' Institut Pasteur qui traite des bactéries et des bactériophages. 
630 0 4 |a Bacteries. 
630 0 4 |a Bacteriophages. 
630 0 4 |a Microbiologies. 
650 0 4 |a Bacteries, Bacteriophages  |x Générale. 
OWN |a DUT 
999 |a From the UDN01 
TYP |a Monograph 
TYP |a Printed language 
980 |a Mạng thư viện Đại học Đà Nẵng